000 00596nam a2200181Ia 4500
003 GCL
008 140319s9999 xx 000 0 ara d
040 _aGCL /
_cGCL
082 0 4 _a809.01
_bم ق
100 1 _aمحمد غنيمى هلال
245 1 0 _aقضايا معاصرة فى الادب والنقد /
_cمحمد غنيمى هلال
260 _aالقاهرة :
_bدار نهضة مصر للطبع والنشر
300 _a192 ص ؛
_c24 سم
490 _a
650 0 4 _aالادب العربى - تاريخ ونقد
650 0 4 _aالفصحى والعامية
942 _2ddc
_cBK
999 _c42927
_d42927